000 00695nam a2200289Ia 4500
005 20260324122202.0
008 008 260324s9999 xx 000 0 eng d
020 _a9780203762356
037 _aEBOOK
040 _aCRL
040 _beng
040 _cCRL
041 _2eng
041 _aeng
084 _qCRL
100 _aPamela LePage; Susan Courey
_91165455
245 0 _aTeaching Children with High-Level Autism
245 0 _bEvidence from Families
260 _bTaylor and Francis
260 _c2013
365 _a
365 _b255
856 _uhttp://www.taylorfrancis.com/books/9780203762356
942 _cEBOOK
999 _c1758001
_d1758001